000 00585npc a2200205Ia 4500
001 ist56-28102 [d000003282]
003 IT-MiCISF
008 161014s9999||||xx | und||
040 _aIT-MiCISF
_cIT-MiCISF
041 _ait
100 _aAA.VV.
245 0 _aLa fecondità regionale nel 1995
250 _a1a ed.
260 _a Roma
_bIstat
_c1998
300 _app. 12
500 _a Istituto Nazionale di Statistica - contiene floppy disk / popolazione, natalità, fecondità, comparazione /
650 _apopolazione
942 _cDD
957 _71
999 _a28102
_bsi
_g1
_c206157
_d206157